| 000 | 00612nam a2200217 4500 | ||
|---|---|---|---|
| 003 | LK-CoMWRAF | ||
| 005 | 20231109123043.0 | ||
| 008 | 230822b1996 |||||||| |||| 00| 0 eng d | ||
| 020 | _a9679963349 | ||
| 040 |
_aLK-CoMWRAF _dLK-CoMWRAF _eLK-CoMWRAF |
||
| 041 | _aeng | ||
| 082 |
_a340.59 _bDOI |
||
| 100 | _aDoi, A. Raḥmān I | ||
| 245 |
_aWomen in Shariah: _b(Islamic Law) |
||
| 250 | _a3rd revised ed. | ||
| 260 |
_aKuala Lumpur: _bA.S. Noordeen, _c1993 |
||
| 300 |
_a199 p. ; 21 cm. _bBibliography included |
||
| 650 | _a WOMEN-LEGAL STATUS,LAWS(ISLAMIC LAW) | ||
| 650 | _aIslam Women | ||
| 942 | _cBK | ||
| 999 |
_c3250 _d3250 |
||